Słowa kończące się na -zja - Statystyki

Ogólne statystyki
  • Ten quiz został rozwiązany 102 razy
  • Średni wynik to 4 z 21
Statystyki odpowiedzi
. Odpowiedź % Poprawnych
Azja
72%
poezja
38%
Gruzja
33%
okazja
31%
wizja
31%
kolizja
29%
. korozja
25%
amnezja
20%
finezja
19%
Tunezja
19%
erozja
15%
inwazja
15%
rewizja
15%
iluzja
14%
Anastazja
13%
telewizja
12%
herezja
11%
Eurazja
8%
dywizja
7%
diecezja
5%
prowizja
4%
Nie znaleziono quizów pasujących do podanych kryteriów
Rozkład punktacji
Procent ludzi z każdym wynikiem
Percentyl według liczby udzielonych odpowiedzi
Twoja historia wyników
Nie rozwiązałeś tego quizu